000
00275nam a22001217a 4500
008
170306b xxu||||| |||| 00| 0 alb d
041
_a
alb
080
_a
611
100
_a
6
101
_a
SHM
245
_a
ANATOMIA DHE FIZIOLOGJIA E NJERIUT
_c
SARAQINI, H.ZH
942
_2
udc
_c
BK
999
_c
6865
_d
6865